[Event "Quebec op"]
[Site "Montreal CAN"]
[Date "2013.07.21"]
[Round "2"]
[White "Sprumont, Oscar"]
[Black "Tremblay, Alain"]
[Result "1/2-1/2"]
[WhiteElo "1953"]
[BlackElo "2095"]
[PlyCount "69"]
[GameId "2160767909296947"]
[EventDate "2013.07.21"]
[EventType "swiss"]
[EventRounds "9"]
[EventCountry "CAN"]
[SourceTitle "hb 2013"]

1. Nf3 Nf6 2. c4 e6 3. g3 d5 4. Bg2 c5 5. O-O Nc6 6. cxd5 exd5 7. d4 c4 8. Nc3 Be7 9. Ne5 O-O 10. Bg5 Be6 11. f4 Qb6 12. f5 Bc8 13. Bxf6 Bxf6 14. Nxd5 Qxd4+ 15. Qxd4 Nxd4 16. Nxf6+ gxf6 17. Nxc4 Bxf5 18. Rf2 Be6 19. Nd6 Nc2 20. Rc1 Ne3 21. Be4 Rad8 22. Nxb7 Rd2 23. b3 Kg7 24. Nc5 Rxa2 25. Nxe6+ fxe6 26. Bd3 Rf7 27. Rf3 Ng4 28. Bc4 Re7 29. Rfc3 f5 30. Bd3 h6 31. R3c2 Ra3 32. Rc3 Kf6 33. e4 Ne5 34. exf5 exf5 35. Rf1 1/2-1/2

[Event "Quebec op"]
[Site "Montreal CAN"]
[Date "2013.07.21"]
[Round "2"]
[White "Yu, Wenlu"]
[Black "Bergeron, Rene"]
[Result "1-0"]
[WhiteElo "1991"]
[BlackElo "1725"]
[PlyCount "71"]
[GameId "2160767909296949"]
[EventDate "2013.07.21"]
[EventType "swiss"]
[EventRounds "9"]
[EventCountry "CAN"]
[SourceTitle "hb 2013"]

1. e4 d5 2. exd5 Qxd5 3. Nc3 Qd6 4. h3 Nf6 5. Nf3 e5 6. Bb5+ Bd7 7. Bxd7+ Nbxd7 8. d3 O-O-O 9. O-O a6 10. Be3 h6 11. Rb1 g5 12. b4 g4 13. hxg4 Nxg4 14. Ne4 Qg6 15. b5 a5 16. b6 cxb6 17. Qe1 Rg8 18. g3 f5 19. Bxb6 Nxb6 20. Qxa5 Kc7 21. Nh4 Qe6 22. Nxf5 Ra8 23. Rxb6 Qxb6 24. Qxa8 Qe6 25. Rb1 Bb4 26. Qxb7+ Kxb7 27. Nc5+ Kc6 28. Nxe6 Kd5 29. Rxb4 Kxe6 30. Nxh6 Nxh6 31. Rb6+ Kd5 32. Rxh6 Kd4 33. Rc6 Ra8 34. Rc4+ Kd5 35. a4 Rb8 36. Kg2 1-0

[Event "Quebec op"]
[Site "Montreal CAN"]
[Date "2013.07.22"]
[Round "3"]
[White "Arencibia Rodriguez, Walter"]
[Black "Cheng, Bindi"]
[Result "0-1"]
[WhiteElo "2526"]
[BlackElo "2406"]
[PlyCount "68"]
[GameId "2160767909296950"]
[EventDate "2013.07.21"]
[EventType "swiss"]
[EventRounds "9"]
[EventCountry "CAN"]
[SourceTitle "EXT 2014"]
[Source "ChessBase"]
[SourceDate "2013.11.20"]
[SourceVersion "1"]
[SourceVersionDate "2013.11.20"]
[SourceQuality "1"]

1. d4 Nf6 2. c4 c5 3. d5 e6 4. Nc3 exd5 5. cxd5 d6 6. e4 g6 7. f4 Bg7 8. Bb5+ Nfd7 9. Be2 O-O 10. Nf3 Na6 11. O-O Nc7 12. a4 Re8 13. Kh1 f5 14. e5 dxe5 15. Bc4 e4 16. d6+ Ne6 17. Ng5 Nb6 18. Ba2 h6 19. a5 hxg5 20. axb6 axb6 21. fxg5 Be5 22. Nb5 Rxa2 23. Rxa2 Nd4 24. Ra8 Kg7 25. Na7 Qd7 26. Be3 Rh8 27. h3 f4 28. Bxf4 Rxh3+ 29. Kg1 Bxf4 30. Rxf4 Qxd6 31. Nxc8 Qxf4 32. gxh3 Qg3+ 33. Kh1 Qxh3+ 34. Kg1 e3 0-1

[Event "Quebec op"]
[Site "Montreal CAN"]
[Date "2013.07.22"]
[Round "3"]
[White "Bergeron, Rene"]
[Black "Ma, Indy"]
[Result "0-1"]
[WhiteElo "1725"]
[BlackElo "1733"]
[PlyCount "76"]
[GameId "2160767909296951"]
[EventDate "2013.07.21"]
[EventType "swiss"]
[EventRounds "9"]
[EventCountry "CAN"]
[SourceTitle "EXT 2022"]
[Source "ChessBase"]
[SourceDate "2021.10.06"]
[SourceVersion "1"]
[SourceVersionDate "2021.10.06"]
[SourceQuality "1"]

1. c4 Nf6 2. Nc3 e6 3. e4 Bb4 4. d3 Nc6 5. Nf3 e5 6. Bd2 d6 7. Be2 O-O 8. a3 Bc5 9. Bg5 h6 10. Bh4 Nd4 11. Nxd4 Bxd4 12. O-O c6 13. Qc2 g5 14. Bg3 Bg4 15. Rac1 Qd7 16. Bxg4 Qxg4 17. Ne2 Bb6 18. b4 Nh5 19. h3 Qe6 20. a4 Nf4 21. Bxf4 gxf4 22. a5 Bd8 23. d4 Qg6 24. Qd3 Kh8 25. b5 Rg8 26. Qf3 Bxa5 27. bxc6 bxc6 28. Rb1 f6 29. Rb7 Bb6 30. d5 cxd5 31. cxd5 Rac8 32. Rd7 Rc2 33. Nc1 Rc3 34. Qg4 Qxe4 35. Qxg8+ Kxg8 36. Rxd6 Bxf2+ 37. Rxf2 Rxc1+ 38. Kh2 Qe1 0-1

[Event "Quebec op"]
[Site "Montreal CAN"]
[Date "2013.07.22"]
[Round "3"]
[White "Cardin, Guillaume"]
[Black "Boudreau, Daniel"]
[Result "1-0"]
[WhiteElo "2050"]
[BlackElo "2058"]
[PlyCount "40"]
[GameId "2160767909296953"]
[EventDate "2013.07.21"]
[EventType "swiss"]
[EventRounds "9"]
[EventCountry "CAN"]
[SourceTitle "EXT 2022"]
[Source "ChessBase"]
[SourceDate "2021.10.06"]
[SourceVersion "1"]
[SourceVersionDate "2021.10.06"]
[SourceQuality "1"]

1. d4 Nf6 2. c4 e6 3. g3 c5 4. d5 exd5 5. cxd5 d6 6. Nc3 g6 7. Nf3 Bg7 8. Bg2 O-O 9. O-O Re8 10. Bf4 Bg4 11. Ng5 b5 12. f3 Bc8 13. Nxb5 Ba6 14. Nxd6 Bxe2 15. Qd2 Bxf1 16. Nxe8 Nxe8 17. Bxf1 Bd4+ 18. Be3 Qxd5 19. Bxd4 cxd4 20. Rc1 Nd6 1-0

[Event "Quebec op"]
[Site "Montreal CAN"]
[Date "2013.07.22"]
[Round "3"]
[White "Fu, James"]
[Black "Nikulich, Oleksandr"]
[Result "1-0"]
[WhiteElo "2257"]
[BlackElo "2093"]
[PlyCount "75"]
[GameId "2160767909296954"]
[EventDate "2013.07.21"]
[EventType "swiss"]
[EventRounds "9"]
[EventCountry "CAN"]
[SourceTitle "EXT 2022"]
[Source "ChessBase"]
[SourceDate "2021.10.06"]
[SourceVersion "1"]
[SourceVersionDate "2021.10.06"]
[SourceQuality "1"]

1. e4 e5 2. Nf3 Nc6 3. Bb5 a6 4. Ba4 Nf6 5. O-O Be7 6. Re1 b5 7. Bb3 O-O 8. c3 d6 9. h3 Nb8 10. d4 Nbd7 11. a4 Bb7 12. Nbd2 Re8 13. Bxf7+ Kxf7 14. Qb3+ d5 15. axb5 axb5 16. Rxa8 Qxa8 17. Nxe5+ Nxe5 18. dxe5 Nh5 19. Nf3 g6 20. Qxb5 dxe4 21. Nd4 c5 22. Nc2 Ng7 23. Bf4 Ne6 24. Ra1 Qb8 25. Bg3 Bd5 26. Ra5 Qxb5 27. Rxb5 Rd8 28. Ne3 Bc6 29. Rb6 Be8 30. Ng4 Rd1+ 31. Kh2 Bg5 32. f4 Bxf4 33. Bxf4 Nxf4 34. Rf6+ Kg7 35. Rxf4 Bc6 36. e6 Rd8 37. Rf7+ Kh8 38. Nf6 1-0

[Event "Quebec op"]
[Site "Montreal CAN"]
[Date "2013.07.22"]
[Round "3"]
[White "Hambleton, Aman"]
[Black "Thavandiran, Shiyam"]
[Result "1-0"]
[WhiteElo "2480"]
[BlackElo "2338"]
[PlyCount "83"]
[GameId "2160767909296955"]
[EventDate "2013.07.21"]
[EventType "swiss"]
[EventRounds "9"]
[EventCountry "CAN"]
[SourceTitle "EXT 2014"]
[Source "ChessBase"]
[SourceDate "2013.11.20"]
[SourceVersion "1"]
[SourceVersionDate "2013.11.20"]
[SourceQuality "1"]

1. d4 Nf6 2. c4 e6 3. Nc3 Bb4 4. Qc2 d5 5. a3 Bxc3+ 6. Qxc3 dxc4 7. Qxc4 b6 8. Bg5 Ba6 9. Qa4+ Qd7 10. Qc2 Qxd4 11. Rd1 Qe5 12. Nf3 Qa5+ 13. Bd2 Qf5 14. Qxc7 O-O 15. g4 Qb5 16. Bb4 Nd5 17. Rxd5 Qxd5 18. Bxf8 Kxf8 19. Ne5 Nd7 20. Nxd7+ Ke8 21. Nb8 Bb5 22. f3 Qc5 23. Qxc5 bxc5 24. a4 Rxb8 25. axb5 Rxb5 26. Kf2 Rxb2 27. Bg2 Rb7 28. f4 Rc7 29. Rd1 Ke7 30. Be4 h6 31. h4 a5 32. Ke3 Ra7 33. Ra1 Kd6 34. Kd3 Ra6 35. Kc4 g5 36. Kb5 Ra7 37. Kb6 Rd7 38. Rd1+ Ke7 39. Rxd7+ Kxd7 40. fxg5 hxg5 41. h5 Ke7 42. Kxa5 1-0

[Event "Quebec op"]
[Site "Montreal CAN"]
[Date "2013.07.22"]
[Round "3"]
[White "Lopez Linares, Lizandro"]
[Black "Robidas, Francois"]
[Result "1/2-1/2"]
[WhiteElo "2095"]
[BlackElo "2020"]
[PlyCount "41"]
[GameId "2160767909296957"]
[EventDate "2013.07.21"]
[EventType "swiss"]
[EventRounds "9"]
[EventCountry "CAN"]
[SourceTitle "EXT 2022"]
[Source "ChessBase"]
[SourceDate "2021.10.06"]
[SourceVersion "1"]
[SourceVersionDate "2021.10.06"]
[SourceQuality "1"]

1. d4 d5 2. c4 e6 3. Nc3 c5 4. cxd5 exd5 5. Nf3 Nc6 6. g3 Nf6 7. Bg2 Be7 8. O-O O-O 9. dxc5 Bxc5 10. Bg5 d4 11. Bxf6 Qxf6 12. Ne4 Qe7 13. Nxc5 Qxc5 14. Rc1 Qb6 15. Qd2 Be6 16. b3 Rad8 17. Rfd1 Rfe8 18. Qb2 Bd5 19. Rd2 Rd6 20. Rcd1 Red8 21. Ne1 1/2-1/2

[Event "Quebec op"]
[Site "Montreal CAN"]
[Date "2013.07.22"]
[Round "3"]
[White "Perez Garcia, Rodney Oscar"]
[Black "Moradiabadi, Elshan"]
[Result "1/2-1/2"]
[WhiteElo "2364"]
[BlackElo "2551"]
[PlyCount "98"]
[GameId "2160767909296959"]
[EventDate "2013.07.21"]
[EventType "swiss"]
[EventRounds "9"]
[EventCountry "CAN"]
[SourceTitle "EXT 2014"]
[Source "ChessBase"]
[SourceDate "2013.11.20"]
[SourceVersion "1"]
[SourceVersionDate "2013.11.20"]
[SourceQuality "1"]

1. e4 e6 2. d4 d5 3. exd5 exd5 4. Bd3 Nc6 5. c3 Bd6 6. Qf3 Be6 7. Ne2 Qe7 8. Bf4 O-O-O 9. Nd2 h5 10. Qe3 Nh6 11. h3 Rde8 12. O-O-O Bf5 13. Qxe7 Nxe7 14. Bxd6 Bxd3 15. Nf4 cxd6 16. Nxd3 Kd7 17. Rde1 h4 18. Nf3 Nhf5 19. Re2 Ng6 20. Rhe1 Rxe2 21. Rxe2 f6 22. Nh2 a5 23. a4 Nfe7 24. Kd2 Nf8 25. Ng4 f5 26. Ne3 Ne6 27. f3 g5 28. Ke1 Rb8 29. Kd1 Rc8 30. Kd2 b6 31. Re1 Rf8 32. Re2 Rf6 33. Re1 Kc6 34. Re2 Ng6 35. Re1 Ngf4 36. b4 Kd7 37. bxa5 bxa5 38. Nxf4 Nxf4 39. Rb1 Rf8 40. Rb5 Ke6 41. Rxa5 g4 42. fxg4 fxg4 43. hxg4 Nxg2 44. Nxg2 h3 45. Nf4+ Rxf4 46. Ra8 Rxg4 47. Rh8 Rg2+ 48. Kd3 Rg3+ 49. Kc2 Kd7 1/2-1/2

[Event "Quebec op"]
[Site "Montreal CAN"]
[Date "2013.07.22"]
[Round "3"]
[White "Vera, Reynaldo"]
[Black "Piasetski, Leon"]
[Result "1-0"]
[WhiteElo "2462"]
[BlackElo "2279"]
[PlyCount "109"]
[GameId "2160767909296960"]
[EventDate "2013.07.21"]
[EventType "swiss"]
[EventRounds "9"]
[EventCountry "CAN"]
[SourceTitle "EXT 2014"]
[Source "ChessBase"]
[SourceDate "2013.11.20"]
[SourceVersion "1"]
[SourceVersionDate "2013.11.20"]
[SourceQuality "1"]

1. d4 g6 2. c4 Bg7 3. Nf3 d6 4. Nc3 Nd7 5. e4 e5 6. Be2 Ngf6 7. O-O O-O 8. Be3 Re8 9. d5 Nh5 10. g3 Bf8 11. Ne1 Ng7 12. Nd3 f5 13. f3 a5 14. a3 Nc5 15. Rc1 Be7 16. Nxc5 dxc5 17. Qd2 a4 18. Bd1 Bd7 19. Bc2 b6 20. Rce1 Nh5 21. exf5 gxf5 22. g4 Ng7 23. Bh6 Bh4 24. Re2 Qf6 25. Rg2 f4 26. Bxg7 Qxg7 27. Bf5 Kh8 28. Bxd7 Qxd7 29. Ne4 Rg8 30. Kh1 h6 31. Qc3 Qe7 32. Rd2 Rad8 33. Rfd1 Rg6 34. Qc2 Kg7 35. Qxa4 Qf8 36. Qc2 Be7 37. Qc3 Bd6 38. h4 Kg8 39. Qd3 Rg7 40. Rg1 Kh8 41. Rh2 Qe7 42. g5 Rdg8 43. Rgg2 Rf8 44. Kg1 Qf7 45. Kf1 Be7 46. Ke2 Rfg8 47. Kd2 Rh7 48. Kc2 hxg5 49. hxg5 Rgg7 50. Rxh7+ Rxh7 51. g6 Qg7 52. Ng5 Rh1 53. Qf5 Bxg5 54. Qc8+ Qg8 55. g7+ 1-0

[Event "Quebec op"]
[Site "Montreal CAN"]
[Date "2013.07.22"]
[Round "3"]
[White "Wen, Jean-Francois"]
[Black "Nunez, Omar"]
[Result "1/2-1/2"]
[WhiteElo "2227"]
[BlackElo "2022"]
[PlyCount "29"]
[GameId "2160767909296961"]
[EventDate "2013.07.21"]
[EventType "swiss"]
[EventRounds "9"]
[EventCountry "CAN"]
[SourceTitle "EXT 2022"]
[Source "ChessBase"]
[SourceDate "2021.10.06"]
[SourceVersion "1"]
[SourceVersionDate "2021.10.06"]
[SourceQuality "1"]

1. Nf3 g6 2. c4 Bg7 3. g3 Nf6 4. Bg2 O-O 5. O-O d6 6. d4 Ne4 7. Nbd2 Nxd2 8. Qxd2 c5 9. e3 Nc6 10. b3 Bg4 11. Bb2 Qd7 12. dxc5 dxc5 13. Bxg7 Kxg7 14. Qxd7 Bxd7 15. Ng5 1/2-1/2

[Event "Quebec op"]
[Site "Montreal CAN"]
[Date "2013.07.23"]
[Round "4"]
[White "Barre, Michel"]
[Black "Bouchard, Jean-Marc"]
[Result "1/2-1/2"]
[WhiteElo "1908"]
[BlackElo "1873"]
[PlyCount "122"]
[GameId "2160767909296962"]
[EventDate "2013.07.21"]
[EventType "swiss"]
[EventRounds "9"]
[EventCountry "CAN"]
[SourceTitle "EXT 2022"]
[Source "ChessBase"]
[SourceDate "2021.10.06"]
[SourceVersion "1"]
[SourceVersionDate "2021.10.06"]
[SourceQuality "1"]

1. Nf3 d5 2. d4 e6 3. c4 dxc4 4. e3 c5 5. Bxc4 cxd4 6. Qxd4 Qxd4 7. Nxd4 a6 8. O-O Nf6 9. a4 Bd7 10. Nc3 Nc6 11. Rd1 Bb4 12. Nce2 O-O 13. Bd2 Bc5 14. Bc3 Rfd8 15. Nxc6 Bxc6 16. Nd4 Bd5 17. Bxd5 Nxd5 18. Nb3 Be7 19. Bd4 f6 20. e4 Nb4 21. Bb6 Rd3 22. Nc5 Bxc5 23. Bxc5 Rad8 24. Rxd3 Nxd3 25. Rd1 Rd7 26. Be3 Nc5 27. Rxd7 Nxd7 28. f4 Kf7 29. Kf2 Ke7 30. Ke2 Kd6 31. b4 b5 32. axb5 axb5 33. Kd3 g6 34. g4 e5 35. f5 g5 36. Ke2 Ke7 37. Kd3 Kf7 38. Ke2 Kg7 39. Ba7 h5 40. h3 hxg4 41. hxg4 Kf7 42. Kd3 Ke8 43. Kc3 Kd8 44. Kd3 Kc7 45. Be3 Kc6 46. Kc3 Nb8 47. Bc5 Kd7 48. Kd3 Nc6 49. Ke3 Nd8 50. Bb6 Nb7 51. Kd3 Nd6 52. Bc5 Nf7 53. Ke3 Nd8 54. Bb6 Nb7 55. Kf3 Nd6 56. Bc5 Nc4 57. Bf8 Nd2+ 58. Ke3 Nb3 59. Kf2 Nd4 60. Bc5 Nc6 61. Ke3 Kd8 1/2-1/2

[Event "Quebec op"]
[Site "Montreal CAN"]
[Date "2013.07.23"]
[Round "4"]
[White "Calugar, Arthur"]
[Black "Arencibia Rodriguez, Walter"]
[Result "0-1"]
[WhiteElo "2282"]
[BlackElo "2526"]
[PlyCount "80"]
[GameId "2160767909296963"]
[EventDate "2013.07.21"]
[EventType "swiss"]
[EventRounds "9"]
[EventCountry "CAN"]
[SourceTitle "EXT 2014"]
[Source "ChessBase"]
[SourceDate "2013.11.20"]
[SourceVersion "1"]
[SourceVersionDate "2013.11.20"]
[SourceQuality "1"]

1. e4 Nf6 2. e5 Nd5 3. d4 d6 4. c4 Nb6 5. exd6 exd6 6. Nc3 Nc6 7. Be3 Be7 8. Rc1 O-O 9. Be2 d5 10. c5 Nc4 11. Bxc4 dxc4 12. Qa4 Bf6 13. Nge2 Nxd4 14. Nxd4 Bxd4 15. Rd1 Bxc3+ 16. bxc3 Qf6 17. O-O Be6 18. Qb4 b6 19. Rd4 Rfd8 20. Rfd1 Rxd4 21. Rxd4 Qg6 22. Qb2 Re8 23. f3 h6 24. Qd2 Kh7 25. Kf2 b5 26. Rd8 Rxd8 27. Qxd8 Qb1 28. Bd4 Qxa2+ 29. Kg3 Qd2 30. Qxc7 Qe1+ 31. Bf2 Qxc3 32. Qd6 b4 33. c6 b3 34. Bd4 Qe1+ 35. Bf2 Qc1 36. Bd4 Qg5+ 37. Kf2 Qd2+ 38. Kg3 b2 39. Qe5 Qxd4 40. Qxd4 b1=Q 0-1

[Event "Quebec op"]
[Site "Montreal CAN"]
[Date "2013.07.23"]
[Round "4"]
[White "Cardin, Guillaume"]
[Black "Fu, James"]
[Result "1-0"]
[WhiteElo "2050"]
[BlackElo "2257"]
[PlyCount "81"]
[GameId "2160767909296964"]
[EventDate "2013.07.21"]
[EventType "swiss"]
[EventRounds "9"]
[EventCountry "CAN"]
[SourceTitle "EXT 2022"]
[Source "ChessBase"]
[SourceDate "2021.10.06"]
[SourceVersion "1"]
[SourceVersionDate "2021.10.06"]
[SourceQuality "1"]

1. d4 Nc6 2. Nf3 d6 3. c4 g6 4. e4 Bg7 5. Be2 Nf6 6. Nc3 O-O 7. O-O e5 8. d5 Ne7 9. Ne1 h6 10. Be3 a6 11. Nd3 Kh7 12. c5 Nd7 13. Rc1 f5 14. f3 Nf6 15. b4 Bd7 16. Nb2 Nh5 17. a4 Ng8 18. cxd6 cxd6 19. Nc4 f4 20. Bb6 Qe7 21. Bc7 Bxa4 22. Nxa4 Qxc7 23. Ncb6 Qe7 24. Nxa8 Rxa8 25. Qc2 Ng3 26. Rfe1 b5 27. Nb6 Rb8 28. Nc8 Rxc8 29. Qxc8 Qa7+ 30. Rc5 Nxe2+ 31. Rxe2 dxc5 32. Qxc5 Qd7 33. Ra2 Qb7 34. d6 Kh8 35. Qc7 Qa8 36. Rc2 Bf6 37. d7 Qd8 38. Qxd8 Bxd8 39. Rc8 Bb6+ 40. Kf1 Kg7 41. Rb8 1-0

[Event "Quebec op"]
[Site "Montreal CAN"]
[Date "2013.07.23"]
[Round "4"]
[White "Cheng, Bindi"]
[Black "Rozentalis, Eduardas"]
[Result "0-1"]
[WhiteElo "2406"]
[BlackElo "2619"]
[PlyCount "76"]
[GameId "2160767909296965"]
[EventDate "2013.07.21"]
[EventType "swiss"]
[EventRounds "9"]
[EventCountry "CAN"]
[SourceTitle "EXT 2014"]
[Source "ChessBase"]
[SourceDate "2013.11.20"]
[SourceVersion "1"]
[SourceVersionDate "2013.11.20"]
[SourceQuality "1"]

1. Nf3 b6 2. g3 Bb7 3. Bg2 Nf6 4. O-O e6 5. c4 Be7 6. d4 O-O 7. Re1 a5 8. d5 exd5 9. Nh4 Bb4 10. Rf1 c6 11. cxd5 Nxd5 12. e4 Ne7 13. a3 Bc5 14. Nc3 d6 15. Bf4 Na6 16. Qb3 Ng6 17. Nxg6 hxg6 18. Rad1 Qe7 19. Na4 g5 20. Bc1 b5 21. Nxc5 Nxc5 22. Qe3 f6 23. h4 gxh4 24. gxh4 a4 25. Qg3 Nxe4 26. Qe3 Rae8 27. Rfe1 Qf7 28. Bxe4 d5 29. Bxd5 cxd5 30. Qg3 Rxe1+ 31. Rxe1 Re8 32. Rxe8+ Qxe8 33. Qe3 Qc8 34. Kf1 d4 35. Qf4 Qc4+ 36. Kg1 Bc6 37. Bd2 Qe2 38. Kh2 Qf1 0-1

[Event "Quebec op"]
[Site "Montreal CAN"]
[Date "2013.07.23"]
[Round "4"]
[White "Chirila, Ioan Christian"]
[Black "Ostrovskiy, Aleksandr"]
[Result "1-0"]
[WhiteElo "2528"]
[BlackElo "2403"]
[PlyCount "97"]
[GameId "2160767909296966"]
[EventDate "2013.07.21"]
[EventType "swiss"]
[EventRounds "9"]
[EventCountry "CAN"]
[SourceTitle "EXT 2014"]
[Source "ChessBase"]
[SourceDate "2013.11.20"]
[SourceVersion "1"]
[SourceVersionDate "2013.11.20"]
[SourceQuality "1"]

1. d4 d5 2. c4 c6 3. cxd5 cxd5 4. Nc3 Nc6 5. Bf4 Nf6 6. e3 Bf5 7. Rc1 Rc8 8. Nf3 e6 9. Ne5 Nxe5 10. Bxe5 a6 11. Qb3 Qd7 12. Be2 Ne4 13. f3 Nd6 14. Kf2 Nc4 15. Rhd1 Nxe5 16. dxe5 Bc5 17. Na4 Ba7 18. Nb6 Bxb6 19. Qxb6 O-O 20. Qd4 Rxc1 21. Rxc1 Rc8 22. Rc5 Qd8 23. Qc3 Rxc5 24. Qxc5 h5 25. g3 Kh7 26. b4 f6 27. Qd6 Qc8 28. exf6 gxf6 29. Qe7+ Kg6 30. g4 hxg4 31. fxg4 Be4 32. h4 Qh8 33. h5+ Kg5 34. Qxe6 Qb8 35. Qe7 Qh2+ 36. Ke1 Qg1+ 37. Kd2 Qf2 38. Qg7+ Kh4 39. Qh6 Kg3 40. Qf4+ Qxf4 41. exf4 Kxf4 42. Bd3 Kg5 43. Bxe4 dxe4 44. Ke3 f5 45. gxf5 Kxf5 46. h6 Kg6 47. Kxe4 Kxh6 48. Kd5 Kg5 49. Ke4 1-0

[Event "Quebec op"]
[Site "Montreal CAN"]
[Date "2013.07.23"]
[Round "4"]
[White "De Lagrave, Sylvain"]
[Black "Bergeron, Rene"]
[Result "1/2-1/2"]
[WhiteElo "1921"]
[BlackElo "1725"]
[PlyCount "89"]
[GameId "2160767909296967"]
[EventDate "2013.07.21"]
[EventType "swiss"]
[EventRounds "9"]
[EventCountry "CAN"]
[SourceTitle "EXT 2022"]
[Source "ChessBase"]
[SourceDate "2021.10.06"]
[SourceVersion "1"]
[SourceVersionDate "2021.10.06"]
[SourceQuality "1"]

1. e4 c5 2. Nf3 e6 3. c3 d5 4. e5 Ne7 5. d4 cxd4 6. Nxd4 Nbc6 7. f4 Ng6 8. Nxc6 bxc6 9. Be3 Be7 10. Nd2 O-O 11. g3 a5 12. h4 Re8 13. Nf3 Nf8 14. Bd3 Ba6 15. Bxa6 Rxa6 16. Ng5 c5 17. Qh5 g6 18. Qe2 Rb6 19. h5 d4 20. hxg6 fxg6 21. Rd1 Qa8 22. Qh2 Bxg5 23. fxg5 Rxb2 24. Qxb2 Qxh1+ 25. Ke2 Qg2+ 26. Bf2 Qe4+ 27. Kf1 Qxe5 28. cxd4 cxd4 29. Qxd4 Qxg5 30. Re1 Rc8 31. Qb2 Qf5 32. Qe5 Rc2 33. Qxf5 exf5 34. a3 Rc3 35. Re8 Kf7 36. Ra8 Rxa3 37. Rxf8+ Kxf8 38. Bc5+ Kf7 39. Bxa3 Ke6 40. Ke2 Kd5 41. Kd3 g5 42. Ke3 Kc4 43. Be7 h6 44. Bf8 h5 45. Be7 1/2-1/2

[Event "Quebec op"]
[Site "Montreal CAN"]
[Date "2013.07.23"]
[Round "4"]
[White "Libersan, Thierry"]
[Black "Lebeau, Gilbert"]
[Result "1-0"]
[WhiteElo "2059"]
[BlackElo "2002"]
[PlyCount "67"]
[GameId "2160767909296970"]
[EventDate "2013.07.21"]
[EventType "swiss"]
[EventRounds "9"]
[EventCountry "CAN"]
[SourceTitle "EXT 2022"]
[Source "ChessBase"]
[SourceDate "2021.10.06"]
[SourceVersion "1"]
[SourceVersionDate "2021.10.06"]
[SourceQuality "1"]

1. e4 e6 2. d4 d5 3. Nc3 Bb4 4. Nge2 dxe4 5. a3 Be7 6. Nxe4 Nf6 7. Nxf6+ Bxf6 8. Be3 b6 9. Qd2 Bb7 10. O-O-O Nd7 11. Nf4 O-O 12. Nh5 Rc8 13. Nxf6+ Nxf6 14. f3 Nd5 15. Bf2 Qf6 16. c4 Nf4 17. Be3 Ng6 18. h4 e5 19. h5 Ne7 20. Bg5 Qe6 21. d5 Qd6 22. Bd3 f6 23. Be3 c6 24. dxc6 Qxc6 25. Kb1 f5 26. Bg5 Qc7 27. h6 g6 28. Rhe1 Rce8 29. Qc3 Nc8 30. c5 Bd5 31. Bb5 Be6 32. Bxe8 Rxe8 33. Ka1 Bf7 34. c6 1-0

[Event "Quebec op"]
[Site "Montreal CAN"]
[Date "2013.07.23"]
[Round "4"]
[White "Luksza, Arkadiusz"]
[Black "Le Duin, Thierry"]
[Result "1-0"]
[WhiteElo "2116"]
[BlackElo "2048"]
[PlyCount "79"]
[GameId "2160767909296971"]
[EventDate "2013.07.21"]
[EventType "swiss"]
[EventRounds "9"]
[EventCountry "CAN"]
[SourceTitle "EXT 2022"]
[Source "ChessBase"]
[SourceDate "2021.10.06"]
[SourceVersion "1"]
[SourceVersionDate "2021.10.06"]
[SourceQuality "1"]

1. d4 Nf6 2. Nf3 d5 3. c4 e6 4. Nc3 c6 5. e3 Bd6 6. Bd3 O-O 7. O-O Re8 8. e4 dxe4 9. Nxe4 Nxe4 10. Bxe4 Nd7 11. Bc2 Nf6 12. Bg5 Be7 13. Qd3 g6 14. Rad1 Nh5 15. Qe3 Bxg5 16. Nxg5 Qf6 17. Ne4 Qe7 18. c5 Kg7 19. Nd6 Rd8 20. f4 Kf8 21. Rf3 Ng7 22. Qe5 f6 23. Qe1 Ne8 24. Nc4 Rb8 25. Re3 Qc7 26. Qh4 Qg7 27. Rg3 Bd7 28. Bb3 b5 29. Nd2 a5 30. Re3 Nc7 31. Ne4 Ne8 32. Nf2 Nc7 33. Ne4 Ne8 34. a3 a4 35. Bc2 Kg8 36. Rg3 Bc8 37. Nf2 Bb7 38. Ne4 Rd5 39. Nc3 Rh5 40. Qg4 1-0

[Event "Quebec op"]
[Site "Montreal CAN"]
[Date "2013.07.23"]
[Round "4"]
[White "Luo, Zhao Yang"]
[Black "Gates, David"]
[Result "1-0"]
[WhiteElo "2008"]
[BlackElo "1725"]
[PlyCount "61"]
[GameId "2160767909296972"]
[EventDate "2013.07.21"]
[EventType "swiss"]
[EventRounds "9"]
[EventCountry "CAN"]
[SourceTitle "EXT 2022"]
[Source "ChessBase"]
[SourceDate "2021.10.06"]
[SourceVersion "1"]
[SourceVersionDate "2021.10.06"]
[SourceQuality "1"]

1. d4 d5 2. Nf3 c6 3. e3 Nf6 4. Be2 g6 5. O-O Bg7 6. c4 O-O 7. Nc3 a6 8. b3 b5 9. Ne5 Bb7 10. Bf3 e6 11. Rb1 Nbd7 12. Nd3 Rc8 13. a4 Re8 14. Qe2 e5 15. dxe5 Nxe5 16. Nxe5 Rxe5 17. cxd5 cxd5 18. axb5 Re6 19. Qd3 axb5 20. Rd1 b4 21. Nxd5 Bxd5 22. Bxd5 Nxd5 23. Qxd5 Qxd5 24. Rxd5 Rec6 25. Bd2 Rc2 26. Bxb4 Rc1+ 27. Rd1 Rxd1+ 28. Rxd1 Rb8 29. Bc5 Bc3 30. b4 Bxb4 31. Rb1 1-0

[Event "Quebec op"]
[Site "Montreal CAN"]
[Date "2013.07.23"]
[Round "4"]
[White "Ma, Indy"]
[Black "Beaulieu, Pierre"]
[Result "0-1"]
[WhiteElo "1733"]
[BlackElo "1954"]
[PlyCount "116"]
[GameId "2160767909296973"]
[EventDate "2013.07.21"]
[EventType "swiss"]
[EventRounds "9"]
[EventCountry "CAN"]
[SourceTitle "EXT 2022"]
[Source "ChessBase"]
[SourceDate "2021.10.06"]
[SourceVersion "1"]
[SourceVersionDate "2021.10.06"]
[SourceQuality "1"]

1. d4 b6 2. e4 Bb7 3. Bd3 e6 4. Nf3 c5 5. O-O Nf6 6. Re1 Be7 7. Bg5 cxd4 8. Nxd4 a6 9. c3 Nc6 10. Nd2 Ne5 11. Bc2 h6 12. Bxf6 gxf6 13. Qh5 Nc6 14. Rad1 Nxd4 15. cxd4 Qc7 16. Bb3 Qf4 17. d5 Qg5 18. Qxg5 hxg5 19. Nc4 Bc5 20. dxe6 fxe6 21. Nd6+ Bxd6 22. Rxd6 b5 23. a4 Ke7 24. Red1 Rhd8 25. f3 Bc6 26. axb5 Bxb5 27. R6d4 Rab8 28. Ba4 Bxa4 29. Rxa4 Rb6 30. Rda1 Rxb2 31. Rxa6 Rc8 32. R6a2 Rcc2 33. Rxb2 Rxb2 34. Rd1 Ra2 35. g3 f5 36. exf5 exf5 37. h4 gxh4 38. gxh4 Ra4 39. Re1+ Kf6 40. Rd1 Ke6 41. Re1+ Kd6 42. Rd1+ Ke6 43. Re1+ Kd5 44. Rd1+ Rd4 45. Rxd4+ Kxd4 46. h5 Ke5 47. Kg2 Kf6 48. Kg3 Kg5 49. h6 Kxh6 50. Kf4 Kg6 51. Kg3 Kg5 52. f4+ Kh5 53. Kf3 Kg6 54. Kg3 Kf6 55. Kf3 Ke6 56. Ke3 Kd5 57. Kd3 d6 58. Ke3 Kc4 0-1